[Event "Florianopolis op 5th"]
[Site "Florianopolis"]
[Date "2019.01.24"]
[Round "6"]
[White "Da Silva Junior, Marco Aurelio"]
[Black "Crul, Otavio Augusto Barr"]
[Result "1/2-1/2"]
[WhiteElo "1672"]
[BlackElo "1890"]
[PlyCount "47"]
[EventDate "2019.01.21"]
[EventType "swiss"]
[EventRounds "10"]
[EventCountry "BRA"]
[SourceTitle "CBM 188 Extra"]
[Source "ChessBase"]
[SourceDate "2019.02.26"]
[SourceVersion "1"]
[SourceVersionDate "2019.02.26"]
[SourceQuality "1"]

1. Nf3 Nf6 2. g3 g6 3. b3 Bg7 4. Bb2 0-0 5. Bg2 d5 6. 0-0 Nbd7 7. d3 c5 8. Nbd2 b6 9. c4 Bb7 10. cxd5 Bxd5 11. e4 Bb7 12. Qe2 Qc7 13. Nc4 Rad8 14. Rad1 b5 15. Nce5 Qb6 16. Nxd7 Rxd7 17. Rd2 c4 18. Bxf6 Bxf6 19. dxc4 Rxd2 20. Nxd2 bxc4 21. Nxc4 Qc5 22. Rd1 Ba6 23. Qe3 Rc8 24. Rd8+ 1/2-1/2

[Event "Florianopolis op 5th"]
[Site "Florianopolis"]
[Date "2019.01.23"]
[Round "4"]
[White "Araujo, Jose Roberto"]
[Black "Crul, Otavio Augusto Barr"]
[Result "1/2-1/2"]
[WhiteElo "2142"]
[BlackElo "1890"]
[PlyCount "42"]
[EventDate "2019.01.21"]
[EventType "swiss"]
[EventRounds "10"]
[EventCountry "BRA"]
[SourceTitle "CBM 188 Extra"]
[Source "ChessBase"]
[SourceDate "2019.02.26"]
[SourceVersion "1"]
[SourceVersionDate "2019.02.26"]
[SourceQuality "1"]

1. e4 e5 2. Nc3 Nf6 3. g3 d5 4. exd5 Nxd5 5. Bg2 Nxc3 6. bxc3 Bd6 7. Nf3 0-0 8. 0-0 c6 9. Re1 Re8 10. d4 exd4 11. Rxe8+ Qxe8 12. cxd4 Nd7 13. c4 Nf6 14. Qb3 h6 15. Bb2 Qd8 16. Re1 Be6 17. Ne5 Qb6 18. Qc2 Bxe5 19. dxe5 Nd7 20. Rd1 Qc5 21. Rd6 Nxe5 1/2-1/2

[Event "Florianopolis Regional STD op"]
[Site "Florianopolis"]
[Date "2018.10.14"]
[Round "5"]
[White "Crul, Otavio Augusto Barr"]
[Black "Da Silva, Joao Carlos Orguim"]
[Result "1-0"]
[WhiteElo "1866"]
[BlackElo "1759"]
[PlyCount "81"]
[EventDate "2018.10.12"]
[EventType "swiss"]
[EventRounds "6"]
[EventCountry "BRA"]
[SourceTitle "CBM 186 Extra"]
[Source "ChessBase"]
[SourceDate "2018.08.24"]
[SourceVersion "1"]
[SourceVersionDate "2018.08.24"]
[SourceQuality "1"]

1. e4 c5 2. Nf3 Nc6 3. d4 cxd4 4. Nxd4 g6 5. Nc3 Bg7 6. Be3 Nf6 7. f3 0-0 8. Qd2 d5 9. 0-0-0 dxe4 10. Nxc6 Qxd2+ 11. Rxd2 bxc6 12. Nxe4 Nxe4 13. fxe4 Be6 14. Ba6 h6 15. b3 Rab8 16. Rhd1 Bg4 17. Be2 Bxe2 18. Rxe2 Rb7 19. Red2 Kh7 20. Rd7 Rfb8 21. Bxa7 Rxd7 22. Rxd7 Re8 23. Rc7 Be5 24. Rxc6 Bxh2 25. a4 h5 26. a5 g5 27. Be3 f6 28. a6 Bf4 29. Bxf4 gxf4 30. a7 Kg7 31. Ra6 Ra8 32. Kd2 e5 33. b4 h4 34. Ke2 Kh6 35. Kf3 Kg5 36. b5 f5 37. b6 Rc8 38. Ra3 fxe4+ 39. Kxe4 Rxc2 40. a8Q Re2+ 41. Kf3 1-0

[Event "Florianopolis Regional STD op"]
[Site "Florianopolis"]
[Date "2018.10.12"]
[Round "2"]
[White "Calcado, Acyr Rogerio"]
[Black "Crul, Otavio Augusto Barr"]
[Result "1-0"]
[WhiteElo "2087"]
[BlackElo "1866"]
[PlyCount "51"]
[EventDate "2018.10.12"]
[EventType "swiss"]
[EventRounds "6"]
[EventCountry "BRA"]
[SourceTitle "CBM 186 Extra"]
[Source "ChessBase"]
[SourceDate "2018.08.24"]
[SourceVersion "1"]
[SourceVersionDate "2018.08.24"]
[SourceQuality "1"]

1. e4 d6 2. d4 Nf6 3. Nc3 e5 4. Nf3 Nbd7 5. Bc4 exd4 6. Nxd4 Be7 7. 0-0 0-0 8. f4 c6 9. Nf5 Nc5 10. Ng3 Qc7 11. Be3 Ncd7 12. a4 Rd8 13. Qe2 a5 14. Rae1 b6 15. Bd4 Bb7 16. e5 Nd5 17. Bxd5 cxd5 18. Nb5 Qc4 19. exd6 Bf6 20. Qxc4 dxc4 21. Be5 Bh4 22. Rd1 Bxg3 23. hxg3 Rac8 24. Rfe1 Nc5 25. f5 Be4 26. d7 1-0

[Event "Curitiba IEP&Copel op"]
[Site "Curitiba"]
[Date "2017.05.14"]
[Round "5"]
[White "Crul, Otavio Augusto Barr"]
[Black "De Sousa, Matheus Mazim"]
[Result "0-1"]
[WhiteElo "1830"]
[BlackElo "2141"]
[PlyCount "72"]
[EventDate "2017.05.12"]
[EventType "swiss"]
[EventRounds "6"]
[EventCountry "BRA"]
[SourceTitle "CBM 178 Extra"]
[Source "ChessBase"]
[SourceDate "2017.06.22"]
[SourceVersion "1"]
[SourceVersionDate "2017.06.22"]
[SourceQuality "1"]

1. d4 d5 2. c4 e6 3. Nc3 Nf6 4. cxd5 exd5 5. Bg5 c6 6. e3 Bf5 7. Bd3 Bxd3 8. Qxd3 Nbd7 9. Nge2 Bd6 10. Bf4 Nb6 11. 0-0 0-0 12. a4 Bxf4 13. Nxf4 a5 14. b3 Re8 15. f3 Qd6 16. Rae1 Rad8 17. Re2 Nbd7 18. Rd1 Nb8 19. Nh3 Na6 20. Nf2 Nb4 21. Qd2 Qe6 22. Nd3 b6 23. Nxb4 axb4 24. Na2 c5 25. Nc1 Qe7 26. Qc2 Rc8 27. dxc5 bxc5 28. Rde1 c4 29. e4 cxb3 30. Qxb3 Rc3 31. exd5 Qc5+ 32. Kf1 Rxe2 33. Rxe2 Rxb3 34. Nxb3 Qxd5 35. Rd2 Qc4+ 36. Kf2 g6 0-1

[Event "Curitiba Sul Region-ch"]
[Site "Curitiba"]
[Date "2017.04.16"]
[Round "5"]
[White "Crul, Otavio Augusto Barr"]
[Black "Nascimento, Pedro Henrique Alve"]
[Result "0-1"]
[WhiteElo "1834"]
[BlackElo "1967"]
[PlyCount "52"]
[EventDate "2017.04.14"]
[EventType "swiss"]
[EventRounds "6"]
[EventCountry "BRA"]
[SourceTitle "CBM 178 Extra"]
[Source "ChessBase"]
[SourceDate "2017.06.22"]
[SourceVersion "1"]
[SourceVersionDate "2017.06.22"]
[SourceQuality "1"]

1. d4 Nf6 2. c4 e6 3. Nf3 Bb4+ 4. Nbd2 b6 5. a3 Bxd2+ 6. Qxd2 Bb7 7. e3 a5 8. Be2 a4 9. 0-0 0-0 10. Qc2 Ne4 11. Bd3 f5 12. Nd2 Nxd2 13. Bxd2 Qg5 14. e4 f4 15. g3 Nc6 16. Qc3 d6 17. d5 Ne5 18. Be2 Qg6 19. Bf3 exd5 20. exd5 Ba6 21. Rfe1 fxg3 22. Be4 gxf2+ 23. Kh1 fxe1Q+ 24. Rxe1 Rf1+ 25. Rxf1 Qxe4+ 26. Kg1 Bxc4 0-1

[Event "Joinville op U220"]
[Site "Joinville"]
[Date "2017.02.18"]
[Round "5"]
[White "Piccoli, Lucas Fonseca"]
[Black "Crul, Otavio Augusto Barr"]
[Result "1/2-1/2"]
[WhiteElo "1904"]
[BlackElo "1812"]
[PlyCount "75"]
[EventDate "2017.02.17"]
[EventType "swiss"]
[EventRounds "7"]
[EventCountry "BRA"]
[SourceTitle "CBM 177 Extra"]
[Source "ChessBase"]
[SourceDate "2017.04.27"]
[SourceVersion "1"]
[SourceVersionDate "2017.04.27"]
[SourceQuality "1"]

1. c4 e6 2. Nc3 d5 3. d4 Be7 4. cxd5 exd5 5. Bf4 Nf6 6. e3 c6 7. Bd3 Nbd7 8. h3 Nf8 9. Nf3 Ne6 10. Bh2 0-0 11. 0-0 g6 12. a3 Ng7 13. b4 Bf5 14. Rb1 a6 15. a4 Re8 16. b5 axb5 17. axb5 Bxd3 18. Qxd3 Ra3 19. Qc2 Qa5 20. Rb3 Rc8 21. Rxa3 Qxa3 22. Nb1 Qb4 23. bxc6 Rxc6 24. Qa2 Ra6 25. Qc2 Qc4 26. Qb2 b5 27. Nbd2 Qa4 28. Rb1 b4 29. Ne5 Qa3 30. Qc2 Qc3 31. Qd3 Ra3 32. Rb3 Ra1+ 33. Nb1 Qc1+ 34. Qf1 Qc2 35. Qd3 Qc1+ 36. Qf1 Qc2 37. Qd3 Qc1+ 38. Qf1 1/2-1/2

[Event "Caioba Telecom op"]
[Site "Caioba"]
[Date "2016.08.28"]
[Round "6"]
[White "Colaco, Willian Wagner Soar"]
[Black "Crul, Otavio Augusto Barr"]
[Result "0-1"]
[WhiteElo "1608"]
[BlackElo "1796"]
[PlyCount "67"]
[EventDate "2016.08.26"]
[EventType "swiss"]
[EventRounds "6"]
[EventCountry "BRA"]
[SourceTitle "CBM 174 Extra"]
[Source "ChessBase"]
[SourceDate "2016.10.10"]
[SourceVersion "1"]
[SourceVersionDate "2016.10.10"]
[SourceQuality "1"]

1. d4 d5 2. Nf3 e6 3. Bf4 Nf6 4. h3 c5 5. e3 Nc6 6. c3 Be7 7. Be2 0-0 8. Nbd2 b6 9. 0-0 Bb7 10. Rc1 Rc8 11. Bd3 Bd6 12. Bg5 h6 13. Bh4 g5 14. Bg3 Bxg3 15. fxg3 Kg7 16. g4 Qd6 17. Qe2 Rce8 18. Rce1 e5 19. dxe5 Nxe5 20. Nxe5 Qxe5 21. Nf3 Qe6 22. Bf5 Qe7 23. Qc2 Ne4 24. Bxe4 Qxe4 25. Qc1 Re7 26. Nd2 Qd3 27. Rf2 Rxe3 28. Ref1 Re2 29. Rxe2 Qxe2 30. Rf2 Qe3 31. Qc2 Re8 32. Qf5 Qe1+ 33. Rf1 Qe6 34. Kf2 0-1

[Event "BRA-ch U16"]
[Site "Itajai"]
[Date "2016.06.12"]
[Round "6"]
[White "Crul, Otavio Augusto Barr"]
[Black "Cezar, Ricardo de Almeida"]
[Result "1-0"]
[WhiteElo "1783"]
[BlackElo "1578"]
[PlyCount "79"]
[EventDate "2016.06.09"]
[EventType "swiss"]
[EventRounds "6"]
[EventCountry "BRA"]
[SourceTitle "CBM 172 Extra"]
[Source "ChessBase"]
[SourceDate "2016.06.21"]
[SourceVersion "1"]
[SourceVersionDate "2016.06.21"]
[SourceQuality "1"]

1. d4 Nf6 2. c4 g6 3. Nc3 Bg7 4. e4 d6 5. Be2 0-0 6. Bg5 h6 7. Be3 e5 8. d5 Nbd7 9. Qd2 Kh7 10. f3 a6 11. g4 Ne8 12. h4 c6 13. Nh3 f6 14. Nf2 cxd5 15. Nxd5 Rb8 16. Nd3 Nc7 17. a4 Nxd5 18. cxd5 a5 19. h5 f5 20. 0-0 b6 21. b4 Bb7 22. Rfc1 Rc8 23. Rxc8 Bxc8 24. bxa5 bxa5 25. Nb2 Nb8 26. Nc4 Ba6 27. Bb6 Qd7 28. Bxa5 Bxc4 29. Bxc4 Qa7+ 30. Kg2 Rc8 31. Bb5 Nd7 32. Bc6 Nb8 33. Rc1 Bf8 34. Qb4 Be7 35. Qb6 Qa6 36. Qxa6 Nxa6 37. Bb6 Kg7 38. Rb1 Rb8 39. Rb5 Kf7 40. Ba7 1-0

[Event "BRA-ch U16"]
[Site "Itajai"]
[Date "2016.06.11"]
[Round "5"]
[White "Menegatti, Vitor Emanuel"]
[Black "Crul, Otavio Augusto Barr"]
[Result "1-0"]
[WhiteElo "1858"]
[BlackElo "1783"]
[PlyCount "91"]
[EventDate "2016.06.09"]
[EventType "swiss"]
[EventRounds "6"]
[EventCountry "BRA"]
[SourceTitle "CBM 172 Extra"]
[Source "ChessBase"]
[SourceDate "2016.06.21"]
[SourceVersion "1"]
[SourceVersionDate "2016.06.21"]
[SourceQuality "1"]

1. e4 e5 2. Nf3 Nc6 3. d4 exd4 4. Nxd4 Bc5 5. Be3 Qf6 6. c3 Nge7 7. g3 0-0 8. Bg2 d6 9. 0-0 Qg6 10. Nxc6 Nxc6 11. Bxc5 dxc5 12. f4 Bg4 13. Qb3 Na5 14. Qb5 Qb6 15. Qxb6 axb6 16. Nd2 Rfd8 17. Rf2 Kf8 18. a3 Rxd2 19. Rxd2 Nb3 20. Rad1 Bxd1 21. Rxd1 Ke7 22. Kf2 Na5 23. Bf1 c6 24. e5 b5 25. g4 Rd8 26. Rxd8 Kxd8 27. Ke1 Nb3 28. Kd1 c4 29. a4 Nc5 30. axb5 cxb5 31. Kd2 f6 32. exf6 gxf6 33. f5 Kd7 34. Ke3 Kd6 35. Be2 Na4 36. Kd4 Nxb2 37. h3 Na4 38. Bf3 Nc5 39. Ke3 Ke5 40. Bg2 b6 41. Bc6 b4 42. cxb4 c3 43. bxc5 bxc5 44. Kd3 Kf4 45. Kxc3 Kg3 46. g5 1-0

[Event "BRA-ch U16"]
[Site "Itajai"]
[Date "2016.06.10"]
[Round "2"]
[White "Crul, Otavio Augusto Barr"]
[Black "Carstens Dobuchak, Thiago"]
[Result "0-1"]
[WhiteElo "1783"]
[BlackElo "2149"]
[PlyCount "90"]
[EventDate "2016.06.09"]
[EventType "swiss"]
[EventRounds "6"]
[EventCountry "BRA"]
[SourceTitle "CBM 172 Extra"]
[Source "ChessBase"]
[SourceDate "2016.06.21"]
[SourceVersion "1"]
[SourceVersionDate "2016.06.21"]
[SourceQuality "1"]

1. d4 Nf6 2. c4 e6 3. Nf3 Bb4+ 4. Nbd2 d5 5. a3 Be7 6. e3 c6 7. Bd3 0-0 8. 0-0 Nbd7 9. Qc2 dxc4 10. Nxc4 c5 11. Rd1 b5 12. Nce5 c4 13. Be4 Nxe4 14. Qxe4 Qc7 15. Qc6 Qxc6 16. Nxc6 Bf6 17. Bd2 Bb7 18. Nce5 Nxe5 19. Nxe5 Be7 20. Bb4 Rfe8 21. Nd7 Bg5 22. Nc5 Bc6 23. Ba5 Bd8 24. Bxd8 Rexd8 25. Na6 Kf8 26. Rac1 Ke7 27. Rc3 Rac8 28. Nc5 Bxg2 29. Nxe6 Bf3 30. Nxd8 Bxd1 31. Nb7 Rc6 32. e4 Kd7 33. f4 Kc7 34. Na5 Ra6 35. b4 Rh6 36. Rc1 Bf3 37. e5 Kb6 38. Kf2 Bd5 39. Kg3 Rg6+ 40. Kh4 Rg2 41. h3 h6 42. Rc3 g6 43. a4 Rb2 44. axb5 Kxb5 45. Nxc4 Bxc4 0-1

[Event "Sao Bento do Sul U2050 1st"]
[Site "Sao Bento do Sul"]
[Date "2016.05.22"]
[Round "6.13"]
[White "Wieth, Kelvin Eduardo"]
[Black "Crul, Otavio Augusto Barr"]
[Result "1-0"]
[WhiteElo "2025"]
[BlackElo "1716"]
[PlyCount "46"]
[EventDate "2016.05.20"]
[EventType "swiss"]
[EventRounds "7"]
[EventCountry "BRA"]
[SourceTitle "EXT 2022"]
[Source "ChessBase"]
[SourceDate "2021.10.06"]
[SourceVersion "1"]
[SourceVersionDate "2021.10.06"]
[SourceQuality "1"]

1. e4 e5 2. f4 Bc5 3. Nf3 Nc6 4. Bc4 Nf6 5. Nc3 d6 6. f5 h6 7. Qe2 Bd7 8. d3 a6 9. Be3 Bxe3 10. Qxe3 Qe7 11. a3 g6 12. fxg6 fxg6 13. 0-0 Be6 14. Bxe6 Qxe6 15. Nh4 Nh5 16. Nd5 0-0-0 17. b4 Kb8 18. c3 Rdg8 19. b5 Ne7 20. Qf3 a5 21. b6 Nxd5 22. exd5 Qe7 23. bxc7+ Qxc7 1-0

[Event "Sao Bento do Sul U2050 1st"]
[Site "Sao Bento do Sul"]
[Date "2016.05.20"]
[Round "1.4"]
[White "Hille, Waltercler"]
[Black "Crul, Otavio Augusto Barr"]
[Result "1/2-1/2"]
[WhiteElo "1963"]
[BlackElo "1716"]
[PlyCount "101"]
[EventDate "2016.05.20"]
[EventType "swiss"]
[EventRounds "7"]
[EventCountry "BRA"]
[SourceTitle "EXT 2022"]
[Source "ChessBase"]
[SourceDate "2021.10.06"]
[SourceVersion "1"]
[SourceVersionDate "2021.10.06"]
[SourceQuality "1"]

1. Nf3 d5 2. d4 e6 3. g3 Nf6 4. Bg2 Be7 5. 0-0 0-0 6. c4 dxc4 7. Ne5 Nc6 8. Nxc6 bxc6 9. Bxc6 Rb8 10. e3 Ba6 11. Qa4 Rb6 12. Rd1 Nd5 13. Bxd5 Qxd5 14. Nc3 Qf3 15. e4 f5 16. Be3 fxe4 17. Qc2 Bb7 18. d5 Rd6 19. Qxe4 Qxe4 20. Nxe4 Rxd5 21. Nc3 Rd3 22. Rxd3 cxd3 23. Bxa7 Bf3 24. Be3 Rd8 25. Bd2 Bb4 26. Kf1 Be2+ 27. Ke1 Bxc3 28. Bxc3 c5 29. a4 Kf7 30. Kd2 g6 31. a5 Ke7 32. Be5 Ra8 33. a6 Rd8 34. Bf4 Kf7 35. a7 Bf3 36. Bb8 Ba8 37. Ra5 Rd5 38. Ra6 c4 39. Rc6 Rb5 40. Kc1 d2+ 41. Kxd2 Rxb2+ 42. Ke3 Rb3+ 43. Kd4 Bxc6 44. Kxc4 Bd5+ 45. Kd4 Ke7 46. Kc5 Kd7 47. Bf4 Rc3+ 48. Kd4 Kc8 49. a8Q+ Bxa8 50. Kxc3 Be4 51. Bd6 1/2-1/2

[Event "Curitiba op"]
[Site "Curitiba"]
[Date "2016.04.24"]
[Round "7.22"]
[White "Crul, Otavio Augusto Barr"]
[Black "Sztokbant, Bernardo Vainzoff"]
[Result "1-0"]
[WhiteElo "1716"]
[BlackElo "2200"]
[PlyCount "119"]
[EventDate "2016.04.21"]
[EventType "swiss"]
[EventRounds "7"]
[EventCountry "BRA"]
[SourceTitle "EXT 2022"]
[Source "ChessBase"]
[SourceDate "2021.10.06"]
[SourceVersion "1"]
[SourceVersionDate "2021.10.06"]
[SourceQuality "1"]

1. d4 Nf6 2. c4 g6 3. Nc3 d5 4. Nf3 Bg7 5. Bg5 Ne4 6. cxd5 Nxg5 7. Nxg5 e6 8. Nf3 exd5 9. e3 c6 10. Bd3 0-0 11. 0-0 Nd7 12. b4 Nf6 13. Qb3 b6 14. Rfc1 Bb7 15. Na4 a6 16. Ne5 Rc8 17. Rc2 Ne8 18. Nf3 Nd6 19. Rac1 Re8 20. Be2 Qc7 21. Nb2 b5 22. Qxd5 cxd5 23. Rxc7 Bf8 24. Nd3 Rxc7 25. Rxc7 Rc8 26. Rxc8 Bxc8 27. Nc5 Nc4 28. Bxc4 dxc4 29. Kf1 f6 30. Ke2 Kf7 31. Kd2 Bd6 32. g3 g5 33. Ng1 Bc7 34. Ne2 Ke7 35. Nc3 Kd6 36. a4 Kc6 37. axb5+ axb5 38. d5+ Kb6 39. N3e4 Be5 40. f4 gxf4 41. gxf4 Bb2 42. Kc2 Ba3 43. Kc3 Bc1 44. Nxf6 Bxe3 45. d6 Bxc5 46. d7 Bxb4+ 47. Kxb4 Bxd7 48. Nxd7+ Kc6 49. Nf6 h6 50. Ne4 Kd5 51. f5 Ke5 52. f6 Ke6 53. Kxb5 c3 54. Nxc3 Kxf6 55. Ne2 Kg5 56. Kc5 Kg4 57. Ng1 Kf4 58. Kd5 Ke3 59. Ke5 Kf2 60. Kf5 1-0

[Event "Matinhos Caioba-ch"]
[Site "Matinhos"]
[Date "2015.08.29"]
[Round "4"]
[White "Rodriguez, Paulo Virgilio Rios"]
[Black "Crul, Otavio Augusto Barr"]
[Result "1-0"]
[WhiteElo "2004"]
[BlackElo "1681"]
[PlyCount "105"]
[EventDate "2015.08.28"]
[EventType "swiss"]
[EventRounds "6"]
[EventCountry "BRA"]
[SourceTitle "EXT 2016"]
[Source "ChessBase"]
[SourceDate "2015.10.08"]
[SourceVersion "1"]
[SourceVersionDate "2015.10.08"]
[SourceQuality "1"]

1. e4 e5 2. Nf3 Nc6 3. g3 Nf6 4. d3 Bc5 5. Bg2 0-0 6. 0-0 d6 7. h3 Be6 8. Ng5 Qd7 9. Kh2 h6 10. Nxe6 fxe6 11. Nc3 Nd4 12. Ne2 Nxe2 13. Qxe2 Rae8 14. c3 d5 15. b4 Bb6 16. Bb2 d4 17. c4 c5 18. a3 Qc7 19. Bc1 Nd7 20. Bd2 a6 21. Qg4 Kh7 22. Rae1 Ba7 23. Qh5 Nf6 24. Qe2 Nd7 25. Kh1 Bb8 26. Qh5 Nf6 27. Qh4 Rg8 28. f4 exf4 29. gxf4 g5 30. Qf2 Nh5 31. e5 Ref8 32. Qf3 Nxf4 33. Bxf4 Rxf4 34. Qxb7 Qxb7 35. Bxb7 Rgf8 36. Rxf4 Rxf4 37. Kg2 cxb4 38. axb4 Kg7 39. Bxa6 Kf7 40. c5 Ke7 41. Bc8 Rf8 42. Bb7 Kd7 43. b5 Kc7 44. Bf3 Kc8 45. Bg4 Kd7 46. Re4 Rf4 47. Re1 Rf8 48. Bf3 Kc8 49. b6 Rf7 50. c6 Rg7 51. Bg4 Re7 52. Rf1 Re8 53. Bxe6+ 1-0

[Event "Matinhos Caioba-ch"]
[Site "Matinhos"]
[Date "2015.08.28"]
[Round "1"]
[White "Crul, Otavio Augusto Barr"]
[Black "Calcado, Acyr Rogerio"]
[Result "0-1"]
[WhiteElo "1681"]
[BlackElo "2138"]
[PlyCount "94"]
[EventDate "2015.08.28"]
[EventType "swiss"]
[EventRounds "6"]
[EventCountry "BRA"]
[SourceTitle "EXT 2016"]
[Source "ChessBase"]
[SourceDate "2015.10.08"]
[SourceVersion "1"]
[SourceVersionDate "2015.10.08"]
[SourceQuality "1"]

1. d4 Nf6 2. c4 e6 3. Nc3 Bb4 4. e3 b6 5. Nf3 Bb7 6. Bd3 Ne4 7. Qc2 f5 8. 0-0 Bxc3 9. bxc3 0-0 10. Nd2 Nxd2 11. Qxd2 c5 12. Ba3 d6 13. Rad1 Nc6 14. d5 Na5 15. Be2 e5 16. f4 e4 17. g4 g6 18. Rb1 Ba6 19. Rb5 Qd7 20. gxf5 gxf5 21. Rb2 Kh8 22. Kh1 Rg8 23. Qe1 Bxc4 24. Rd2 Qg7 25. Rg1 Qh6 26. Rxg8+ Rxg8 27. Qf1 Qg7 28. Bc1 Bxe2 29. Rxe2 Nc4 30. Rc2 b5 31. Qe1 Qg4 32. Qf1 Rg6 33. Rf2 h5 34. Bd2 Kh7 35. Re2 Qf3+ 36. Qxf3 exf3 37. Rf2 Rg2 38. Be1 Rxf2 39. Bxf2 Nb6 40. Be1 Nxd5 41. Bd2 Nf6 42. Kg1 Ne4 43. Be1 c4 44. a3 a5 45. h4 Kg6 46. Kf1 Kf7 47. Bf2 Nxc3 0-1